The ten republics: An introduction to the South American series in Porter's progress of nations. With twelve maps
Tallennettuna:
| Päätekijä: | |
|---|---|
| Aineistotyyppi: | Kirja |
| Kieli: | englanti |
| Julkaistu: |
Londres
George Routledge and sons, Ltd
1911
|
| Painos: | 1a. ed |
| Aiheet: | |
| Tagit: |
Lisää tagi
Ei tageja, Lisää ensimmäinen tagi!
|
MARC
| LEADER | 00000nam a2200000 a 4500 | ||
|---|---|---|---|
| 001 | UCJ4962 | ||
| 003 | CL-VaPUC | ||
| 008 | 070124e19110000UK |||||||||||||||||eng|d | ||
| 082 | 0 | 4 | |a 910.4 |b POR |2 21 |
| 100 | 0 | |a Porter, Robert P |e author |9 509560 | |
| 245 | 1 | 4 | |a The ten republics: An introduction to the South American series in Porter's progress of nations. With twelve maps |
| 250 | |a 1a. ed | ||
| 300 | |a x, 292 p | ||
| 942 | |c BK | ||
| 945 | |d 20070124 00:00:00 |a rinostro | ||
| 260 | |a Londres |b George Routledge and sons, Ltd |c 1911 | ||
| 650 | 0 | |a Geografía |9 259346 | |
| 650 | 0 | |a Economía |9 255568 | |
| 650 | 0 | |a Recursos naturales |9 255232 | |
| 650 | 0 | |a Comercio |9 255341 | |
| 650 | 7 | |a TRANSPORTE |2 CL-VaPUC |9 256365 | |
| 650 | 0 | |a Mapas |9 260844 | |
| 650 | 7 | |a MARCA TIPOGRAFICA |2 CL-VaPUC |9 506100 | |
| 651 | 0 | |a Argentina |9 254888 | |
| 651 | 0 | |a Bolivia |9 255454 | |
| 651 | 0 | |a Brasil |9 267393 | |
| 651 | 0 | |a Colombia |9 256424 | |
| 651 | 7 | |a CHILE |2 CL-VaPUC |9 509561 | |
| 651 | 0 | |a Ecuador |9 258378 | |
| 651 | 7 | |a PANAMA |2 CL-VaPUC |9 257728 | |
| 651 | 0 | |a Paraguay |9 255336 | |
| 651 | 0 | |a Perú |9 256567 | |
| 651 | 0 | |a Uruguay |9 255194 | |
| 651 | 0 | |a Venezuela |9 254993 | |
| 583 | |a last modification |c 20070124 00:00:00 |k Rodrigo Vera | ||
| 999 | |c 321076 |d 321074 | ||
| 952 | |0 0 |1 0 |4 0 |6 910_400000000000000_POR_1911 |7 0 |8 X |9 399738 |a FDOBUD |b FDOBUD |d 2019-11-22 |i 1028278 |o 910.4 POR 1911 |p 1028278 |r 2019-11-22 |w 2019-11-22 |y BK_X |k BUD | ||